Sostojanije i problemy razvitija vnešnej torgovli SSSR.
Zníženie zahraničnoobchodného obratu a exportných možností viedlo len za rok 1990 k trojnásobnému zvýšeniu salda obchodnej bilancie. Vonkajšia valutová zadlženosť predstavovala v r. 1990 60-65 mld. dolárov. Budúcnosť zahraničného obchodu. Analýza obmedzených exportných možností ZSSR. Hlavnými export...
Gespeichert in:
| 1. Verfasser: | |
|---|---|
| Format: | Buchkapitel |
| Sprache: | Russisch |
| Schlagworte: | |
| Tags: |
Keine Tags, Fügen Sie das erste Tag hinzu!
|
MARC
| LEADER | 00000naa a2200000 4500 | ||
|---|---|---|---|
| 001 | r006634 | ||
| 005 | 20221130102950.1 | ||
| 041 | 0 | |a rus | |
| 044 | |a [SU] | ||
| 245 | 1 | 0 | |a Sostojanije i problemy razvitija vnešnej torgovli SSSR. |c A. Čumačenko |
| 520 | |a Zníženie zahraničnoobchodného obratu a exportných možností viedlo len za rok 1990 k trojnásobnému zvýšeniu salda obchodnej bilancie. Vonkajšia valutová zadlženosť predstavovala v r. 1990 60-65 mld. dolárov. Budúcnosť zahraničného obchodu. Analýza obmedzených exportných možností ZSSR. Hlavnými exportnými komoditami ostanú aj v rokoch 1991-1995 palivá, minerálne suroviny a kovy. Potreba štátneho regulovania zahraničného obchodu. Rozšírenie obchodu so západnými krajinami. | ||
| 610 | 2 | 0 | |a obchod zahraničný |
| 610 | 2 | 0 | |a ZSSR |
| 610 | 2 | 0 | |a zadlženosť zahraničná |
| 610 | 2 | 0 | |a bilancia obchodná |
| 610 | 2 | 0 | |a vývoz |
| 610 | 2 | 0 | |a 1990-1995 |
| 610 | 2 | 0 | |a suroviny |
| 610 | 2 | 0 | |a kovy |
| 610 | 2 | 0 | |a palivá |
| 100 | 1 | |a Čumačenko, A. | |